| 000 | 01806cam a2200457 a 4500 | ||
|---|---|---|---|
| 001 | 14596283 | ||
| 003 | NUST | ||
| 005 | 20220617145629.0 | ||
| 008 | 061016s2007 nyu 000 0 eng | ||
| 010 | _a 2006034422 | ||
| 020 | _a9780345494665 (hardcover : alk. paper) | ||
| 020 | _a0345494660 (hardcover : alk. paper) | ||
| 020 | _a9780345494672 (pbk. : alk. paper) | ||
| 020 | _a0345494679 (pbk. : alk. paper) | ||
| 035 | _a(OCoLC)ocm74029265 | ||
| 035 | _a(OCoLC)74029265 | ||
| 038 | _aArshad | ||
| 040 |
_aDLC _cDLC _dYDX _dBAKER _dBTCTA _dCD5 _dVP@ _dYDXCP _dNPL _dDLC |
||
| 043 |
_ae------ _an-us-ny |
||
| 050 | 0 | 0 |
_aPS3620.E75 _bC47 2007 |
| 082 | 0 | 0 |
_a813.6 _bTER |
| 100 | 1 |
_aTerrell, Heather. _97696 |
|
| 245 | 1 | 4 |
_aThe chrysalis : _ba novel / _cHeather Terrell. |
| 250 | _a1st ed. | ||
| 260 |
_aNew York : _bBallantine Books, _c2007. |
||
| 300 |
_a225 p. ; _c24 cm. |
||
| 650 | 0 |
_aArt treasures in war _vFiction. _97697 |
|
| 650 | 0 |
_aCultural property _xRepatriation _vFiction. _97698 |
|
| 650 | 0 |
_aArt thefts _vFiction. _97699 |
|
| 650 | 0 |
_aWorld War, 1939-1945 _xDestruction and pillage _zEurope _vFiction. _97700 |
|
| 651 | 0 |
_aEurope _vFiction. _97701 |
|
| 651 | 0 |
_aNew York (N.Y.) _vFiction. _94634 |
|
| 655 | 7 |
_aLegal stories _2gsafd |
|
| 655 | 7 |
_aHistorical fiction. _2gsafd |
|
| 856 | 4 | 2 |
_3Contributor biographical information _uhttp://www.loc.gov/catdir/enhancements/fy0713/2006034422-b.html |
| 856 | 4 | 2 |
_3Publisher description _uhttp://www.loc.gov/catdir/enhancements/fy0713/2006034422-d.html |
| 856 | 4 | 1 |
_3Sample text _uhttp://www.loc.gov/catdir/enhancements/fy0713/2006034422-s.html |
| 906 |
_a7 _bcbc _corignew _d1 _eecip _f20 _gy-gencatlg |
||
| 942 |
_2ddc _cBK |
||
| 999 |
_c590152 _d590152 |
||